000 00287nam a2200121Ia 4500
005 20251222154439.0
008 251222s9999||||xx |||||||||||||| ||spa||
020 _a84-206-0145-4
082 _a868.56/P45A
100 _a"Perez Galdós, Benito"
245 0 _aúngel Guerra 2
942 _cLIB
999 _c36729
_d36729